| 000 | 00611nam a2200193 a 4500 | ||
|---|---|---|---|
| 001 | 000834462 | ||
| 003 | AM-YeHGA | ||
| 005 | 20250617144749.0 | ||
| 008 | 110929s1956 ||||||||||||||||||||rus|c | ||
| 040 | _aAM-YeHGA | ||
| 041 | 0 | _arus | |
| 100 | 1 | _aНилин, Павел Филиппович | |
| 245 | 1 | 0 |
_aЗнакомство с Тишковым : _bРассказ / _cП. Ф. Нилин. |
| 260 |
_aМосква : _bПравда, _c1956. |
||
| 300 |
_a51 с. ; _c17 см. |
||
| 440 | 0 |
_aБ-ка "Огонек" _v№ 13 |
|
| 650 | 1 | 4 |
_aРусская литература _xРассказ |
| 090 | _c301942 | ||
| 999 |
_c300245 _d300245 |
||